कलचुरि नृपति आणि त्यांचा काल -----(मधली पाने फाटलेली आहेत) (Record no. 402110)
[ view plain ]
| 000 -LEADER | |
|---|---|
| fixed length control field | 00786nam a2200145Ia 4500 |
| 008 - FIXED-LENGTH DATA ELEMENTS--GENERAL INFORMATION | |
| fixed length control field | 100122s9999 xx 000 0 und d |
| 082 ## - DEWEY DECIMAL CLASSIFICATION NUMBER | |
| Item number | 10482 |
| Classification number | 954.01 |
| 100 ## - MAIN ENTRY--PERSONAL NAME | |
| Personal name | मिराशी वा वि |
| 245 ## - TITLE STATEMENT | |
| Title | कलचुरि नृपति आणि त्यांचा काल -----(मधली पाने फाटलेली आहेत) |
| 260 ## - PUBLICATION, DISTRIBUTION, ETC. (IMPRINT) | |
| Name of publisher, distributor, etc | शासन साहित्य परिषद |
| Date of publication, distribution, etc | 1956 |
| 300 ## - PHYSICAL DESCRIPTION | |
| Extent | 174 |
| 630 ## - SUBJECT ADDED ENTRY--UNIFORM TITLE | |
| Uniform title | कलचुरि नृपति आणि त्यांचा काल -----(मधली पाने फाटलेली आहेत) |
| 730 ## - ADDED ENTRY--UNIFORM TITLE | |
| Uniform title | कलचुरि नृपति आणि त्यांचा काल -----(मधली पाने फाटलेली आहेत) |
| 942 ## - ADDED ENTRY ELEMENTS (KOHA) | |
| Koha item type | Book |
No items available.